WWE Wrestlers With Only 3 or Less PPV/PLE Matches - Statistics

General Stats
  • This quiz has been taken 20 times
  • The average score is 71 of 337
Answer Stats
PPV #No. PPV In-ring Debut Wrestler % Correct
#2 WWF WrestleMania 1 (1985) Mr. T
77%
#2 WWE Royal Rumble (2018) Adam Cole
62%
#1 WWF WrestleMania XII (1996) Nacho Man
62%
#3 WWE WrestleMania 33 (2017) - PRE-SHOW Austin Aries
54%
#3 WWF WrestleMania III (1987) Butch Reed
54%
#1 WWF WrestleMania 2 (1986) Harvey Martin
54%
#2 WWF Survivor Series (1987) Judy Martin
54%
#1 WWE No Way Out (2005) Lauren Jones
54%
#2 ECW One Night Stand (2005) Masato Tanaka
54%
#2 WWF SummerSlam (1992) Nailz
54%
#1 WWE Survivor Series (2003) Nathan Jones
54%
#1 WWF WrestleMania 1 (1985) Special Delivery Jones
54%
#1 WWF Survivor Series (1993) Bastion Booger
46%
#2 WWF WrestleMania V Bobby Heenan
46%
#1 WWE Armageddon (2006) Dave Taylor
46%
#2 WWE Survivor Series: WarGames (2023) Dragon Lee
46%
#1 WWF King of the Ring (2000) Gerald Brisco
46%
#2 WWF WrestleMania IX (1993) Giant González
46%
#1 WWF WrestleMania III (1987) Haiti Kid
46%
#2 WWF WrestleMania 2 (1986) Hoss Funk / Dory Funk Jr.
46%
#2 WWE Unforgiven (2003) Jim Ross
46%
#2 WWE Royal Rumble (2022) Johnny Knoxville
46%
#1 WWF This Tuesday in Texas (1991) - DARK J. W. Storm
46%
#1 WWE Worlds Collide (2025) Laredo Kid
46%
#1 WWF WrestleMania XI (1993) Lawrence Taylor
46%
#3 WWF WrestleMania 1 (1985) Leilani Kai
46%
#1 WWF Survivor Series (1999) Mae Young
46%
#1 WWE WrestleMania 35 (2019) PRE-SHOW Michael Che
46%
#1 WWE Vengeance (2006) Mitch
46%
#2 WWE Greatest Royal Rumble (2018) Roderick Strong
46%
#1 WWF Royal Rumble (1995) Steven Dunn
46%
#3 WWE Royal Rumble (2020) Tegan Nox
46%
#3 WWF WrestleMania 1 (1985) The Executioner / Buddy Rose
46%
#1 WWF Royal Rumble (1995) Timothy Well
46%
#2 WWF WrestleMania 2 (1986) Tony Atlas / Saba Simba
46%
#3 WWE Extreme Rules (2009) Vickie Guerrero
46%
#3 WWE WrestleMania 37 - Night 1 (2021) Bad Bunny
38%
#3 WWF In Your House 16: Canadian Stampede (1997) Brian Pillman
38%
#1 WWF Survivor Series (1993) Bruce Hart
38%
#1 WWF WrestleMania 2 (1986) Bruno Sammartino
38%
#1 WWF Royal Rumble (1993) Carlos Colón
38%
#3 WWE Saturday Night's Main Event (December 2024) - DARK Chris Sabin
38%
#3 WWE Vengeance (2003) Conquistadore Dos / Johnny
38%
#2 WWF King of the Ring (1998) Dan Severn
38%
#1 WWF WrestleMania 1 (1985) David Sammartino
38%
#1 WWF Survivor Series (1987) Dawn Marie
38%
#1 WWF Royal Rumble (2001) Drew Carey
38%
#2 WWE WrestleMania 35 (2019) PRE-SHOW EC3
38%
#1 WWE Royal Rumble (2004) Ernest Miller
38%
#1 WWE WrestleMania XXIV (2008) Floyd Mayweather
38%
#1 WWF Royal Rumble (1997) Fuerza Guerrera
38%
#2 WWE WrestleMania 31 (2015) - PRE-SHOW Hideo Itami
38%
#1 WWE SummerSlam - Night 1 (2025) Jelly Roll
38%
#1 WWF Backlash (2001) - HEAT Jerry Lynn
38%
#2 WWF In Your House 10: Mind Games (1996) Jim Cornette
38%
#1 WWF Survivor Series (1993) Keith Hart
38%
#1 WWF WrestleMania III (1986) Little Beaver
38%
#1 WWF Royal Rumble (1995) Mantaur
38%
#1 WWF WrestleMania X-Seven (2001) Michael Hayes
38%
#2 WWF Invasion (2001) Mike Awesome
38%
#1 WWF Invasion (2001) Nick Patrick
38%
#1 WWF King of the Ring (2000) Pat Patterson
38%
#1 WWF WrestleMania 2 (1986) Pedro Morales
38%
#2 WWF Survivor Series (1999) Pete Gas
38%
#3 WWE The Shield's Final Chapter (2019) - DARK Samir Singh
38%
#3 WWF Invasion (2001) Sean O'Haire
38%
#2 WWE WrestleMania 31 (2015) Sting
38%
#1 WWE WrestleMania 25 (2009) Sunny
38%
#1 WWE Survivor Series (2021) T-Bar
38%
#2 WWE Insurrextion (2003) Theodore Long
38%
#3 WWE Vengeance (2003) - HEAT Último Dragón
38%
#1 WWF WrestleMania 1 (1985) Wendi Richter
38%
#2 WWF WrestleMania XIV Aguila / Essa Rios
31%
#3 WWE TLC: Tables, Ladders & Chairs (2012) - PRE-SHOW Aksana
31%
#3 WWE Saturday Night's Main Event (December 2024) - DARK Alex Shelley
31%
#2 ECW One Night Stand (2006) Balls Mahoney
31%
#2 WWF SummerSlam (1995) Bertha Faye
31%
#3 WWF WrestleMania 1 (1985) Big John Studd
31%
#1 WWE Survivor Series (2019) - PRE-SHOW Bobby Fish
31%
#2 WWE WrestleMania XXX Brad Maddox
31%
#2 WWF WrestleMania X-Seven Brother Love
31%
#3 WWE Over The Limit (2012) Camacho / Tanga Loa
31%
#3 WWF The Wrestling Classic (1985) Cowboy Bob Orton / Bob Orton
31%
#1 WWE SummerSlam - Night 2 (2025) Dexter Lumis
31%
#2 WWF WrestleMania X Dink The Clown
31%
#3 WWE Royal Rumble (2014) El Torito
31%
#2 WWF WrestleMania 2 (1986) George Steele
31%
#1 WWF WrestleMania 2 (1986) George Wells
31%
#1 WWE Royal Rumble (2025) IShowSpeed
31%
#1 WWE Royal Rumble (2017) James Ellsworth
31%
#3 WWF Fully Loaded (1999) - HEAT Joey Abs
31%
#2 WWE Judgment Day (2003) Johnny Stamboli
31%
#3 WWF SummerSlam (1992) Kamala
31%
#1 WWE No Mercy (2006) KC James
31%
#1 WWE Evolution (2025) Kelani Jodan
31%
#1 WWE Royal Rumble (2012) Kharma
31%
#1 WWE Survivor Series (2019) - PRE-SHOW Kyle O'Reilly
31%
#1 WWE No Way Out (2007) Little Boogeyman
31%
#2 WWF SummerSlam (1993) Ludvig Borga
31%
#2 WWE WrestleMania 23 (2007) Marcus Cor Von
31%
#3 WWF Over the Edge: In Your House (1998) Mens Teioh
31%
#1 WWE SummerSlam (2010) Michael Tarver
31%
#1 WWF Royal Rumble (1997) Mil Máscaras
31%
#3 WWF Royal Rumble (1997) - FREE FOR ALL Mini Vader / El Torito
31%
#1 WWF Survivor Series (1994) Pink The Clown
31%
#1 WWE Worlds Collide (2025) Psycho Clown
31%
#3 WWF Survivor Series (1993) Ricky Morton
31%
#2 WWF Survivor Series (1999) Rodney
31%
#3 WWE Insurrextion (2003) Rodney Mack
31%
#1 WWE Armageddon (2004) Santa Claus
31%
#1 WWE WrestleMania 32 (2016) Shaquille O'Neal
31%
#1 WWF Survivor Series (1993) The Black Knight
31%
#1 WWF In Your House 12: It's Time (1996) The Executioner
31%
#1 WWF WrestleMania X-Seven (2001) The Goon
31%
#2 WWF WrestleMania 2 Velvet McIntyre
31%
#1 WWF Survivor Series (1994) Wink The Clown
31%
#1 WWE WrestleMania 21 (2005) Akebono
23%
#3 WWE Hell in a Cell (2016) - PRE-SHOW Ariya Daivari
23%
#1 WWE SummerSlam - Night 2 (2025) Axiom
23%
#2 WWE Greatest Royal Rumble (2018) Babatunde / Commander Azeez
23%
#1 WWF Armageddon (1999) B. B.
23%
#2 WWE No Way Out (2007) Brooke Adams / Brooke
23%
#1 WWE Crown Jewel (2019) Cain Velasquez
23%
#1 WWE Taboo Tuesday (2004) Carmella
23%
#3 WWE Royal Rumble (2003) Christopher Nowinski
23%
#3 WWE Backlash (2005) Daivari
23%
#1 WWF Royal Rumble (1995) Dick Murdoch
23%
#2 WWF Over the Edge: In Your House (1998) Dick Togo
23%
#1 WWF Royal Rumble (1996) Doug Gilbert
23%
#1 WWF Invasion (2001) Earl Hebner
23%
#1 WWF SummerSlam (1991) Gen. Adnan
23%
#3 WWF Royal Rumble (1991) Genichiro Tenryu
23%
#1 WWF WrestleMania X-Seven (2001) Gobbledy Gooker
23%
#2 WWF Royal Rumble (1997) - DARK Heavy Metal
23%
#1 WWF Royal Rumble (1997) Héctor Garza
23%
#1 WWE Crown Jewel (2024) Jakara Jackson
23%
#1 WWE Worlds Collide (2025) Je'Von Evans
23%
#1 WWE SummerSlam - Night 2 (2025) Joe Gacy
23%
#2 WWE Royal Rumble (2025) Joe Hendry
23%
#1 WWE Over The Limit (2012) John Laurinaitis
23%
#2 WWE No Way Out (2005) Joy Giovanni
23%
#1 WWE WrestleMania 34 (2018) - PRE-SHOW Kavita Devi
23%
#3 WWE WrestleMania 33 (2017) - PRE-SHOW Killian Dain
23%
#1 WWF WrestleMania III (1986) Little Tokyo
23%
#1 WWF WrestleMania III (1986) Lord Littlebrook
23%
#1 WWE WrestleMania XXVIII (2012) Maria Menounos
23%
#3 WWE Royal Rumble (2011) Mason Ryan
23%
#1 WWF King of the Ring (1993) Mr. Hughes
23%
#1 WWF Judgement Day: In Your House (1998) Paul Ellering
23%
#1 WWE WrestleMania 22 (2006) Queen Sharmell
23%
#3 WWF Survivor Series (1996) Razor Ramon
23%
#2 WWE Royal Rumble (2012) Ricardo Rodriguez
23%
#3 WWE Royal Rumble (2022) Rick Boogs
23%
#3 WWF Survivor Series (1993) Robert Gibson
23%
#2 WWF Survivor Series (1995) - DARK Rocco Rock
23%
#3 WWF Survivor Series (1996) - FREE FOR ALL Salvatore Sincere / Tom Brandi
23%
#2 WWF WrestleMania VI (1990) Sapphire
23%
#3 WWF WrestleMania VI (1990) Sato
23%
#1 WWF Survivor Series (1994) Sleazy
23%
#1 WWF WrestleMania 2 (1986) Ted Arcidi
23%
#3 WWF Ground Zero: In Your House (1997) The Patriot
23%
#2 WWE Elimination Chamber (2024) Tyler Bate
23%
#1 WWF WrestleMania 2 (1986) William Perry
23%
#1 WWE Worlds Collide (2025) Aero Star
15%
#1 WWF Survivor Series (1995) Aja Kong
15%
#3 WWE Royal Rumble (2023) B-Fab
15%
#1 WWF Royal Rumble (1997) - DARK Blue Demon Jr.
15%
#1 WWF In Your House 12: It's Time (1996) - DARK Brakkus
15%
#2 WWF D-Generation X: In Your House (1997) Butterbean
15%
#1 WWE WrestleMania XXVI (2010) - PRE-SHOW Caylen Croft
15%
#1 WWF Survivor Series (1994) Cheesy
15%
#1 WWE Backlash (2008) Cherry
15%
#1 WWE WrestleMania 35 (2019) PRE-SHOW Colin Jost
15%
#1 WWF Royal Rumble (1997) Cybernetico
15%
#1 WWF This Tuesday in Texas (1991) - DARK Dale Wolf
15%
#1 WWF Royal Rumble (1993) Damien Demento
15%
#1 WWE No Way Out (2012) Dan Delaney
15%
#2 WWE Armageddon (2004) Daniel Puder
15%
#2 WWF WrestleMania 2 Danny Spivey / Waylon Mercy
15%
#2 WWF Over The Edge (1999) Debra
15%
#1 WWE Worlds Collide (2025) El Hijo de Dr. Wagner Jr.
15%
#1 WWF WrestleMania 2 (1986) Ernie Holmes
15%
#1 WWE Worlds Collide (2025) Ethan Page
15%
#3 WWE Survivor Series (2019) - PRE-SHOW Fabian Aichner / Giovanni Vinci
15%
#2 WWF SummerSlam (1998) Giant Silva
15%
#2 WWE Clash at the Castle (2024) Isla Dawn
15%
#1 WWF The Wrestling Classic (1985) Ivan Putski
15%
#2 WWE Royal Rumble (2025) Jaida Parker
15%
#1 WWF Royal Rumble (1997) Jerry Estrada
15%
#1 WWE Armageddon (2004) Jesús
15%
#1 WWE Saturday Night's Main Event (May 2025) - DARK Joaquin Wilde
15%
#2 WWF Survivor Series (1995) - DARK Johnny Grunge
15%
#3 WWE Royal Rumble (2024) Jordynne Grace
15%
#1 WWE Survivor Series (2010) Kaval
15%
#1 WWE Royal Rumble (2024) Kayden Carter
15%
#3 WWE Crown Jewel (2024) Lash Legend
15%
#2 WWE Elimination Chamber (2019) Lio Rush
15%
#2 WWE Worlds Collide (2025) Lola Vice
15%
#2 WWE Survivor Series (2003) Matt Morgan
15%
#3 WWE Royal Rumble (2024) Maxxine Dupri
15%
#1 WWE Royal Rumble (2020) Mercedes Martinez
15%
#1 WWE SummerSlam - Night 2 (2025) Nathan Frazer
15%
#1 WWE WrestleMania 34 (2018) Nicholas
15%
#3 WWF Backlash (1999) - HEAT Nicole Bass
15%
#2 WWE No Way Out (2004) Nidia
15%
#2 WWF Badd Blood: In Your House (1997) Nova
15%
#2 WWE Worlds Collide (2025) Octagón Jr.
15%
#1 WWF Royal Rumble (1997) - DARK Perro Aguayo Jr.
15%
#1 WWF Royal Rumble (1997) Pierroth
15%
#2 WWF In Your House 4 (1995) - DARK Rad Radford
15%
#3 WWE Unforgiven (2006) Robbie McAllister
15%
#3 WWE Unforgiven (2006) Rory McAllister
15%
#1 WWF Ground Zero: In Your House (1997) Scott Putski
15%
#1 WWE WrestleMania 39 - Night 2 (2023) Snoop Dogg
15%
#1 WWE Evolution (2025) Sol Ruca
15%
#1 WWF Royal Rumble (1996) Squat Team #2
15%
#1 WWE SummerSlam (2015) Stephen Amell
15%
#1 WWE December to Dismember (2006) Sylvester Terkay
15%
#1 WWF Royal Rumble (1996) Takao Omori
15%
#1 WWF In Your House 16: Canadian Stampede (1997) The Great Sasuke
15%
#1 WWF WrestleMania XII (1996) The Huckster
15%
#1 WWE WrestleMania 33 (2017) - PRE-SHOW Tian Bing
15%
#1 WWE WrestleMania 25 (2009) Tiffany
15%
#1 WWF Royal Rumble (1997) - DARK Tinieblas Jr.
15%
#1 WWF WrestleMania III (1987) Tom Zenk
15%
#2 ECW One Night Stand (2006) Tony Mamaluke
15%
#1 WWE Crown Jewel (2019) Tyson Fury
15%
#1 WWF WrestleMania 2 (1986) Uncle Elmer
15%
#1 WWF Survivor Series (1988) Uno
15%
#1 WWE WrestleMania XXVI (2010) - PRE-SHOW Vance Archer
15%
#2 WWE Survivor Series (2019) - PRE-SHOW Wesley Blake
15%
#2 WWE Vengeance (2003) Zach Gowen
15%
#1 WWF Royal Rumble (1997) - DARK Abismo Negro
8%
#1 WWE Extreme Rules (2018) Alexander Wolfe
8%
#2 WWE Backlash (2005) Antonio
8%
#1 WWE December to Dismember (2006) Ariel
8%
#1 WWF Royal Rumble (1998) Battalion
8%
#1 WWF WrestleMania 2 (1986) Bill Fralic
8%
#1 WWE Saturday Night's Main Event (May 2025) - DARK Brutus Creed
8%
#1 WWF In Your House 5 (1995) Buddy Landel
8%
#1 WWE Worlds Collide (2025) Chik Tormenta
8%
#2 WWF The Wrestling Classic (1985) Corporal Kirchner
8%
#2 WWE Saturday Night's Main Event (May 2025) - DARK Cruz Del Toro
8%
#1 WWE Worlds Collide (2025) Dalys
8%
#2 WWE Superstar Spectacle (2021) Dilsher Shanky / Shanky
8%
#1 WWE Worlds Collide (2025) El Hijo del Vikingo
8%
#3 WWE Royal Rumble (2025) Giulia
8%
#1 WWE Backlash (2006) "God"
8%
#1 WWF King of the Ring (1998) Head
8%
#1 WWE Greatest Royal Rumble (2018) Hiroki Sumi
8%
#3 WWE Royal Rumble (2024) Ivy Nile
8%
#1 WWE Evolution (2025) Jacy Jayne
8%
#1 WWF WrestleMania 2 (1986) Jimbo Covert
8%
#1 WWE Survivor Series (2013) JoJo
8%
#1 WWF In Your House 10: Mind Games (1996) José Lothario
8%
#1 WWE Saturday Night's Main Event (May 2025) - DARK Julius Creed
8%
#2 WWE Royal Rumble (2019) Kacy Catanzaro / Katana Chance
8%
#1 WWF Royal Rumble (1991) Kōji Kitao
8%
#1 WWE Super ShowDown (2019) Lars Sullivan
8%
#1 WWF Royal Rumble (1997) Latin Lover
8%
#3 WWF Royal Rumble (1997) - FREE FOR ALL Mini Mankind / Tarantula
8%
#2 WWF The Wrestling Classic (1985) Moondog Spot
8%
#2 WWF Badd Blood: In Your House (1997) Mosaic
8%
#1 WWE Worlds Collide (2025) Mr. Iguana
8%
#1 WWE WrestleMania XXVII (2011) Nicole "Snooki" Polizzi
8%
#3 WWE Survivor Series (2016) - PRE-SHOW Noam Dar
8%
#1 WWF Royal Rumble (1997) Perro Aguayo
8%
#1 WWF Survivor Series (1994) Queasy
8%
#3 WWE WrestleMania 41 - Night 1 (2025) Rey Fénix
8%
#1 WWE Superstar Spectacle (2021) Rinku
8%
#2 WWF Survivor Series (1987) Rockin' Robin
8%
#2 WWE Backlash (2005) Romeo
8%
#1 WWF WrestleMania 2 (1986) Russ Francis
8%
#1 WWE No Way Out (2004) Shaniqua
8%
#1 WWE Hell in a Cell (2020) Slapjack
8%
#1 WWF Royal Rumble (1996) Squat Team #1
8%
#2 WWF Survivor Series (1987) Tama
8%
#1 WWF Survivor Series (1997) The Jackyl
8%
#2 WWE WrestleMania XXVI - PRE-SHOW Trent Barreta
8%
#1 WWE Evolution (2025) Zaria
8%
#3 WWF SummerSlam (1989) Zeus
8%
#1 WWE Extreme Rules (2012) Aaron Relic
0%
#1 WWE Royal Rumble (2022) Aliyah
0%
#1 WWE SummerSlam (2008) - DARK Bam Neely
0%
#1 ECW One Night Stand (2006) Beulah McGillicutty
0%
#1 WWF WrestleMania III (1987) Billy Jack Haynes
0%
#1 WWF This Tuesday in Texas (1991) - DARK Brian Costello
0%
#1 WWF This Tuesday in Texas (1991) - DARK Brian Donahue
0%
#1 WWF Royal Rumble (1995) Buck Quartermaine
0%
#1 WWE SummerSlam (2023) Cameron Grimes
0%
#1 WWF Royal Rumble (1997) Canek
0%
#1 WWF Survivor Series (1995) Chaparita Asari
0%
#1 WWE Insurrextion (2003) - DARK Christian Eckstein
0%
#2 WWF This Tuesday in Texas (1991) - DARK Chris Walker
0%
#1 WWE Greatest Royal Rumble (2018) Dan Matha
0%
#1 WWF Survivor Series (1987) Donna Christanello
0%
#1 WWE Crown Jewel (2019) - PRE-SHOW Drake Maverick
0%
#1 WWE Superstar Spectacle (2021) Giant Zanjeer
0%
#1 WWE Superstar Spectacle (2021) Guru Raaj
0%
#1 WWF Royal Rumble (1997) - DARK Histeria
0%
#1 WWF Survivor Series (1987) Itsuki Yamazaki
0%
#1 WWE Evolution (2025) Izzi Dame
0%
#1 WWE Extreme Rules (2012) Jay Hatton
0%
#1 WWE Superstar Spectacle (2021) Jeet Rama
0%
#1 WWF Rock Bottom: In Your House (1998) - HEAT Kevin Quinn
0%
#3 WWE The Great American Bash (2006) Kristal Marshall / Kristal
0%
#1 WWF Survivor Series (1995) Kyoko Inoue
0%
#1 WWF Royal Rumble (1997) - FREE FOR ALL La Parkita
0%
#1 WWF Survivor Series (1995) Lioness Asuka
0%
#1 WWF Royal Rumble (1997) - DARK Maniaco
0%
#1 WWE No Mercy (2006) Marty Garner
0%
#1 WWE Vengeance (2003) Matt Cappotelli
0%
#1 WWF Royal Rumble (1997) - DARK Mosco de la Merced
0%
#1 WWF Survivor Series (1987) Noriyo Tateno
0%
#1 WWF Royal Rumble (1997) - DARK Octagón
0%
#2 WWE Super ShowDown (2019) Oney Lorcan
0%
#1 WWE Worlds Collide (2025) Pagano
0%
#1 WWF No Way Out of Texas: In Your House (1998) Pantera
0%
#1 WWE Roadblock (2016) - DARK Randy Sharp
0%
#1 WWE No Way Out (2012) Rob Grymes
0%
#1 WWE No Way Out (2005) Rochelle Loewen
0%
#1 WWF Survivor Series (1995) Sakie Hasegawa
0%
#1 WWE No Way Out (2004) Sakoda
0%
#1 WWE Royal Rumble (2021) Santana Garrett
0%
#1 WWE Superstar Spectacle (2021) Sareena Sandhu
0%
#1 WWE Superstar Spectacle (2021) Saurav
0%
#1 WWF Survivor Series (1988) Scott Casey
0%
#3 WWF Survivor Series (1987) Sensational Sherri / Queen Sherri
0%
#1 WWF WrestleMania IV (1988) Sika
0%
#2 WWF Survivor Series (1997) Sniper
0%
#2 WWE Survivor Series (2019) - PRE-SHOW Steve Cutler
0%
#1 WWE Evolution (2025) Tatum Paxley
0%
#1 WWE WrestleMania 34 (2018) - PRE-SHOW Taynara Conti
0%
#1 WWF Royal Rumble (1990) The Genius
0%
#1 WWF Royal Rumble (1994) The Great Kabuki
0%
#1 WWF Survivor Series (1995) Tomoko Watanabe
0%
#1 WWF Royal Rumble (1997) - DARK Venum
0%
No matching quizzes found
Score Distribution
Percent of People with Each Score
Percentile by Number Answered
Your Score History
You have not taken this quiz